|
|
|
|
| LEADER |
00926nam a22002657a 4500 |
| 001 |
34349 |
| 003 |
BD-DhAAL |
| 005 |
20190321150800.0 |
| 008 |
190321t2019 enka b 001 0 eng d |
| 999 |
|
|
|c 40478
|d 40478
|
| 020 |
|
|
|a 9781138563629
|
| 040 |
|
|
|a BD-DhAAL
|
| 082 |
|
|
|a 372.622
|2 20
|
| 245 |
|
|
|a Talking to learn /
|c edited by Pauline Jones
|
| 260 |
|
|
|a London :
|b Routledge ;
|c 2019
|
| 300 |
|
|
|a ix, 136 pages :
|b illustrations ;
|c 26 cm
|
| 504 |
|
|
|a Includes bibliographical references and index.
|
| 526 |
|
|
|a AAL
|
| 541 |
|
|
|a Parama
|e 34349
|
| 650 |
|
|
|a Language arts (Primary)
|9 30402
|
| 650 |
|
|
|a Children
|x Language
|9 30403
|
| 700 |
|
|
|a Jones, Pauline,
|d 1958-
|9 30404
|
| 852 |
|
|
|a Ayesha Abed Library
|c General Stacks
|
| 942 |
|
|
|2 ddc
|c BK
|
| 952 |
|
|
|0 0
|1 0
|2 ddc
|4 0
|6 372_622000000000000_TAL
|7 0
|9 65108
|a BRACUL
|b BRACUL
|c GEN
|d 2019-02-26
|e Parama
|g 7455.00
|l 0
|o 372.622 TAL
|p 3010034349
|r 2019-02-26
|t 1
|v 7455.00
|w 2019-02-26
|y BK
|